Avifauna mokrých lúk a močiarov v okolí Prešova

Bibliographic Details
Main Author: Palášthy, Jozef, 1929-2014 (Author)
Format: Article
Language:Slovak

MARC

LEADER 00000nab a2200000 a 4500
001 vtls011126620
003 SK-MaSNL
005 20260303170151.0
008 230222|1960 xo |||||||||||||||||slo|
015 |a SNBRB 
035 |a (uuid)6cc0324d-7473-4ed9-9389-c0073a45216b 
035 |a (urnnbn)urn:nbn:sk:snk:ar-a09f3t 
035 |a urn:nbn:sk:snk-aba3vw 
040 |a SNKBUCL  |b slo  |c SNKBUCL  |e AACR2 
041 0 |a slo 
044 |a xo  |c SK 
100 1 |a Palášthy, Jozef,  |d 1929-2014  |4 aut  |9 132815 
245 1 0 |a Avifauna mokrých lúk a močiarov v okolí Prešova  |c J. Palášthy 
246 3 |a Avifauna mokrych i bolotistych lugov v okrugu Prjaševa 
246 3 |a Avifaune der feuchten Wiesen und Sümpfe in der Gegend von Prešov (Ostslowakei) 
773 0 |t Sborník Východoslovenského múzea v Košiciach  |g Roč. 1, č. 1 (1960), s. 49-62 
954 |a odborná, vedecká literatúra pôvodná (slovenská)  |2 lita 
958 |a OND 
958 |a EUIPO 
958 |a article13 
999 |c 2075621  |d 2077551